| 000 | 01128cam a2200265 a 4500 | ||
|---|---|---|---|
| 999 |
_c57936 _d57936 |
||
| 001 | 16081021 | ||
| 005 | 20221107161035.0 | ||
| 008 | 100202s2010 mdua b 001 0 eng | ||
| 020 | _a9781598570793 X | ||
| 041 | _aeng | ||
| 080 | _a616.896+376.2 K-58 | ||
| 100 | 1 |
_aKluth, Paula. _911029 |
|
| 245 | 1 | 0 |
_a"You're going to love this kid!" : _bteaching students with autism in the inclusive classroom / _cby Paula Kluth; foreword by Eugene Marcus. |
| 250 | _a2nd ed. | ||
| 264 |
_aBaltimore : _bPaul H. Brookes Pub. Co., _c2010. |
||
| 300 |
_a345 p. : _bill. ; _c28 cm. |
||
| 650 | 0 |
_aAutistic children _xEducation _zUnited States. _911030 |
|
| 650 | 0 |
_aInclusive education _zUnited States. _910976 |
|
| 653 | _aაუტიზმის მქონე მოსწავლეების სწავლებას ინკლუზიურ კლასში | ||
| 653 | _aმედიცინა | ||
| 653 | _aპედაგოგიკა | ||
| 653 | _aინკლუზიური განათლება | ||
| 700 |
_aMarcus. Eugene _eწინასიტყვაობა _911031 |
||
| 942 |
_2udc _cBK |
||